Land vs. Land #132 - Statistiken

Allgemein
  • Dieses Quiz wurde 14 mal gespielt
  • Das Durchschnittsergebnis liegt bei 13 aus 14
Antwortstatistiken
Frage Antwort % Korrekt
...Fläche? Neuseeland🇳🇿
100%
...Bruttoinlandsprodukt? Neuseeland🇳🇿
100%
...Bruttoinlandsprodukt pro Kopf? Neuseeland🇳🇿
100%
...Happy Planet Index? Neuseeland🇳🇿
100%
...Gesundheitswesen? Neuseeland🇳🇿
100%
...Frieden? Neuseeland🇳🇿
100%
...Lebenserwartung? Neuseeland🇳🇿
100%
...durchschnittlicher IQ? Neuseeland🇳🇿
100%
...Gewinner? Neuseeland🇳🇿
100%
...HDI (Human Development Index)? Neuseeland🇳🇿
92%
...Militär? Neuseeland🇳🇿
85%
...Tourismus? Neuseeland🇳🇿
85%
...Exportmengen? Neuseeland🇳🇿
85%
...Einwohner? Haiti🇭🇹
46%
Keine übereinstimmenden Quizze gefunden
Verteilung der Resultate
Anzahl Personen mit jedem Resultat
Perzentil nach korrekt beantworteten Fragen
Ihre Resultats-Entwicklung
Sie haben dieses Quiz noch nicht gespielt